| 000 | 00545nam a2200193Ia 4500 | ||
|---|---|---|---|
| 003 | OSt | ||
| 005 | 20250603155907.0 | ||
| 008 | 210210b1987 xxu||||| |||| 00| 0 eng d | ||
| 040 | _cAL | ||
| 041 | _aKannada | ||
| 082 | _aK894.3 ODEH | ||
| 100 |
_aODEYAR DI HEGGADE _dಒಡೆಯರ್ ಡಿ ಹೆಗ್ಗಡೆ _9212658 |
||
| 245 |
_aHarakeya shikshe _bಹರಕೆಯ ಶಿಕ್ಶೆ |
||
| 260 |
_aBengaluru _bMithuna Prakashana _c1987 |
||
| 300 | _a149 | ||
| 690 |
_aKannada Fiction _9212659 |
||
| 906 | _a041755 | ||
| 942 |
_2ddc _cBK |
||
| 999 |
_c91763 _d91763 |
||